00665nam a2200217 i 4500003000900000005001700009007000300026008004100029020001800070040003000088082001400118100002500132245003100157264005800188300002700246336002700273337003400300338002800334490004900362500003600411DO-SdBNP20231026104302.0ta110413s2014 gt ao 000 0 spa d a9780020559530 aDO-SdBNPbspacBNPHUerda bM233i222 aMajano, Davideautor10aItinerante /cDavid Majano aGuatemala :bMinisterio de Cultura y Deportes,c2014. a54 páginas ;c23 cm. 2rdacontentatextobtxt 2rdamediaasin mediación bn 2rdacarrieravolumenbnc aPoesía guatemalteca ;aRafael Landivarv96 aDatos biográfico en la solapa